The Perception of the people living in Parañaque on prostitution / (Record no. 96941)
[ view plain ]
| 000 -LEADER | |
|---|---|
| fixed length control field | 00648nam a2200169 a 4500 |
| 003 - CONTROL NUMBER IDENTIFIER | |
| control field | 0 |
| 005 - DATE AND TIME OF LATEST TRANSACTION | |
| control field | 20250625143905.0 |
| 008 - FIXED-LENGTH DATA ELEMENTS--GENERAL INFORMATION | |
| fixed length control field | 030604s19uu xx 00 eng d |
| 050 ## - LIBRARY OF CONGRESS CALL NUMBER | |
| Classification number | PHS HQ 117 |
| Item number | .C86 1998 |
| 100 ## - MAIN ENTRY--PERSONAL NAME | |
| Personal name | Cuneta, Juan Paolo J. |
| 245 ## - TITLE STATEMENT | |
| Title | The Perception of the people living in Parañaque on prostitution / |
| Statement of responsibility, etc | Juan Paolo T. Cuneta. |
| 260 ## - PUBLICATION, DISTRIBUTION, ETC. (IMPRINT) | |
| Place of publication, distribution, etc | Las Piñas City, Philippines : |
| Name of publisher, distributor, etc | Southville International School and Colleges, |
| Date of publication, distribution, etc | 1998. |
| 300 ## - PHYSICAL DESCRIPTION | |
| Extent | various pagination ; |
| Dimensions | 29 cm. |
| 650 ## - SUBJECT ADDED ENTRY--TOPICAL TERM | |
| Topical term or geographic name as entry element | Prostitution |
| General subdivision | Public opinion |
| Geographic subdivision | Philippines |
| -- | Parañaque. |
| 650 ## - SUBJECT ADDED ENTRY--TOPICAL TERM | |
| Topical term or geographic name as entry element | Prostitution |
| General subdivision | Social aspects |
| Geographic subdivision | Philippines |
| -- | Parañaque. |
| 942 ## - ADDED ENTRY ELEMENTS (KOHA) | |
| Source of classification or shelving scheme | Library of Congress Classification |
| Koha item type | PASS |
| Withdrawn status | Lost status | Source of classification or shelving scheme | Damaged status | Home library | Current library | Shelving location | Date acquired | Source of acquisition | Total Checkouts | Full call number | Barcode | Date last seen | Price effective from | Koha item type |
|---|---|---|---|---|---|---|---|---|---|---|---|---|---|---|
| Library of Congress Classification | Luxembourg Library | Luxembourg Library | Portfolio Assessment of SISC Students Section | 06/04/2003 | Donation | PHS HQ 117 .C86 1998 | P0941 | 04/08/2014 | 04/08/2014 | PASS |